Kto Wtedy Wybiegł Na Boisko Półfinał LM Liverpool-Barcelona - Statystyki

Ogólne statystyki
  • Ten quiz został rozwiązany 282 razy
  • Średni wynik to 9 z 11
Statystyki odpowiedzi
Pozycja Zawodnik % Poprawnych
Bramkarz Alisson
97%
ŚO Van Dijk
97%
LS Mane
95%
LO Robertson
92%
ŚO Matip
87%
ŚP Henderson
86%
N Origi
84%
PO Alexander-Arnold
73%
ŚP Milner
64%
ŚP Fabinho
58%
PS Shaqiri
39%
Nie znaleziono quizów pasujących do podanych kryteriów
Rozkład punktacji
Procent ludzi z każdym wynikiem
Percentyl według liczby udzielonych odpowiedzi
Twoja historia wyników
Nie rozwiązałeś tego quizu